| 000 | 01487cad a22002295a 4500 | ||
|---|---|---|---|
| 001 | L144631 | ||
| 008 | 080801s2007 xxkad f s 000 0 eng d | ||
| 035 | _a(Sirsi) u144631 | ||
| 041 | 0 | _aeng | |
| 050 | 0 | 4 | _a333.33 $2 18 |
| 110 | 2 |
_aIPD Occupiers _95090 |
|
| 245 | 0 | 0 |
_aEfficiency standards for office space _ba report to the Office of Government Commerce _h[electronic resource] |
| 260 |
_a[S.l.] _bIPD Occupiers _c2007 |
||
| 520 | _aIntending to inform the setting of procurement standards for central Government, this report looks at occupational space efficiency in terms of management of property costs and improving the quality of the work environment. Recommends an Office Floorspace Standard as an efficiency standard for office accommodation. Explains why a standard is needed. Comments upon how such a standard could be introduced.The Office of Government Commerce has called on all government departments, their agencies and sponsored bodies, to adopt these workspace efficiency standards for offices on the government estate from 1 April 2008. | ||
| 590 | _aKA | ||
| 650 | 2 | 4 | _aOFFICE FLOORSPACE STANDARD |
| 651 | 4 |
_aUnited Kingdom _y |
|
| 690 | _aPROPERTY-COMMERCIAL PROPERTY-OFFICE PROPERTY-OFFICES | ||
| 690 | _aMANAGEMENT-FACILITIES MANAGEMENT | ||
| 856 | 4 | 0 |
_uhttps://online.eastherts.gov.uk/moderngov/Data/Local%20Joint%20Panel/20090617/Agenda/Wallfields_Floor_Plan_-_Appendix_B.pdf _zView the report free of charge at http://www.easthertsgov.uk . |
| 942 | _n0 | ||
| 999 |
_c108566 _d108566 |
||